Georgia : 2021 Article IV Consultation-Press Release; Staff Report; and Statement by the Executive Director for Georgia.

High frequency estimates suggest a V-shaped recovery with output now poised to return close to 2019 levels already this year, much earlier than expected. Recently COVID-19 case numbers have risen sharply to new highs while vaccinations have also accelerated significantly after a slow start. The reco...

Popoln opis

Bibliografske podrobnosti
Korporativna značnica: International Monetary Fund. Middle East and Central Asia Dept
Format: Revija
Jezik:English
Izdano: Washington, D.C. : International Monetary Fund, 2021.
Serija:IMF Staff Country Reports; Country Report ; No. 2021/215
Teme:
Online dostop:Full text available on IMF
LEADER 02064cas a2200301 a 4500
001 AALejournalIMF021966
008 230101c9999 xx r poo 0 0eng d
020 |c 5.00 USD 
020 |z 9781513597751 
022 |a 1934-7685 
040 |a BD-DhAAL  |c BD-DhAAL 
110 2 |a International Monetary Fund.  |b Middle East and Central Asia Dept. 
245 1 0 |a Georgia :   |b 2021 Article IV Consultation-Press Release; Staff Report; and Statement by the Executive Director for Georgia. 
264 1 |a Washington, D.C. :  |b International Monetary Fund,  |c 2021. 
300 |a 1 online resource (84 pages) 
490 1 |a IMF Staff Country Reports 
500 |a <strong>Off-Campus Access:</strong> No User ID or Password Required 
500 |a <strong>On-Campus Access:</strong> No User ID or Password Required 
506 |a Electronic access restricted to authorized BRAC University faculty, staff and students 
520 3 |a High frequency estimates suggest a V-shaped recovery with output now poised to return close to 2019 levels already this year, much earlier than expected. Recently COVID-19 case numbers have risen sharply to new highs while vaccinations have also accelerated significantly after a slow start. The recovery has improved the fiscal outlook and the authorities submitted to Parliament a supplementary budget, with GEL 1.2 billion in additional spending roughly equivalent to the expected increase in revenues. The National Bank of Georgia (NBG) has increased the policy rate by 200 basis points to deal with high inflation driven by lagging effects of depreciation, commodity and food price increases, and supply side constraints. 
538 |a Mode of access: Internet 
650 7 |a International Agreements  |2 imf 
650 7 |a International Organizations  |2 imf 
650 7 |a Monetary Policy  |2 imf 
650 7 |a Observance  |2 imf 
651 7 |a Georgia  |2 imf 
830 0 |a IMF Staff Country Reports; Country Report ;  |v No. 2021/215 
856 4 0 |z Full text available on IMF  |u http://elibrary.imf.org/view/journals/002/2021/215/002.2021.issue-215-en.xml  |z IMF e-Library